Responses for Show #2012 - Tuesday, May 11, 1993

1993 College Championship semifinal game 2.

Contestants

[<< previous game]

Eric Biber, a sophomore from Harvard University

Dave Larson, a senior from University of Wisconsin at Madison

Keena Baumgartner, a sophomore from University of Illinois Champaign-Urbana

[next game >>]

Jeopardy! Round responses

AUTHORS
TRAVEL & TOURISM
NICKNAMES
WEDDING ETIQUETTE
THE TELEPHONE
TV DOLLS
(Alex: We will show you a television doll; we want you to identify the television show.)
    $100 11
Mark Twain

Eric
    $100 1
Oklahoma

Keena
    $100 6
Shakespeare

Eric
    $100 14
cake

Dave
    $100 19
area codes

Eric
    $100 26
(Alex: Baby Sinclair.)

Dinosaurs

Dave
    $200 12
(Nathaniel) Hawthorne

Eric
    $200 2
California

Eric
    $200 7
(U.S.) Grant

Eric
    $200 16
maid of honor

Keena
    $200 20
411

Eric
    $200 27
(Alex: Gordon Shumway, better known as [*].)

Alf

Dave
    $300 13
(Herman) Melville

Keena
    $300 3
Eiffel Tower

Keena
    $300 8
Charles Lindbergh

Keena
    $300 17
usher

Keena
    $300 21
call waiting

Keena
    $300 28
Star Trek: The Next Generation

Keena
    $400 15
(Laura Ingalls) Wilder

Keena
    $400 4
Danube

Keena
    $400 9
Florence Nightingale

Keena
    $400 22
ring bearer

Keena
    $400 24
(Thomas) Watson

Eric
    $400 29
(Eric: What is [*]?)
(Alex: No. All right we're...)
(What is [**]?)
(Alex: Right, our judge is being very lenient with you.)

*90210, **Beverly Hills 90210

Eric
    $500 18
(Anna) Sewell

Keena
    $500 5
Heineken

Eric
    $500 10
Juliette Gordon Low

Triple Stumper
    $500 23
rehearsal dinner

Keena
    $500 25
(Eric: What are light bulbs?)

laser

Eric
Triple Stumper
    $500 30
(Alex: Those are the Doctor and Ace from [*] and Keena says, "Oh, I should have rung in, I knew that.")

Doctor Who

Triple Stumper

Scores at the first commercial break (after clue 15):

Keena Dave Eric
$2,200 $100 $1,300

Scores at the end of the Jeopardy! Round:

Keena Dave Eric
$4,700 $400 $1,900

Double Jeopardy! Round responses

AMERICAN HISTORY
THE BODY HUMAN
SUPERSTITIONS
MOVIES
CALCULUS
"SAT"s
    $200 2
Mayflower Compact

Keena
    $200 13
aorta

Dave
    $200 8
yolks

Eric
    $200 1
Tinker Bell

Eric
    $200 22
apples

Eric
    $200 21
Saturn

Dave
    $400 4
Bay of Pigs

Eric
    $400 17
stomach

Eric
    $400 9
ears

Eric
    $400 3
A Few Good Men

Eric
    $400 24
Descartes

Dave
    $400 23
satyrs

Dave
    $1,000 5
Federalist Papers

Eric
    $600 18
kidneys

Eric
    $600 10
mirrors

Eric
    $600 14
Edward Scissorhands

Keena
    $600 25
volume

Eric
    $600 26
satire

Eric
    $800 6
(John) Marshall

Eric
    $800 19
medulla oblongata

Dave
    $800 11
thunder & lightning

Eric
    $800 15
Lorenzo's Oil

Dave
    $800 28
integral

Dave
    $800 27
"Satisfaction"

Dave
    $1000 7
Maine

Keena
    $1000 20
antibodies

Eric
    $1000 12
baptism (christening)

Eric
    $1000 16
Total Recall

Eric
    $4,800 29
(Dave: Who is Riemann?)

Leibniz

Dave
    $1000 30
[Dave's pronunciation of "SA-tee" was accepted.]

satay

Dave

Scores at the end of the Double Jeopardy! Round:

Keena Dave Eric
$6,500 $1,000 $12,100

[wagering suggestions for these scores]

Final Jeopardy! Round responses

CANADA
DaveWhat is Nova Scotia?
$1,000
KeenaWhat is Prince Edward Is.?
$6,400
EricWhat is Prince Edward Island?
$901
Prince Edward Island

Final scores:

Keena Dave Eric
$12,900 $0 $13,001
2nd place: $5,000 3rd place: $5,000 Finalist

Game dynamics:

Coryat scores:

Keena Dave Eric
$6,500 $5,800 $11,700
17 R
(including 1 DD),
0 W
12 R,
1 W
(including 1 DD)
27 R
(including 1 DD),
1 W

Combined Coryat: $24,000

[game clues] [game scores] [suggest correction]

Game tape date: 1993-02-23
The J! Archive is created by fans, for fans. Scraping, republication, monetization, and malicious use prohibited; this site may use cookies and collect identifying information. See terms. The Jeopardy! game show and all elements thereof, including but not limited to copyright and trademark thereto, are the property of Jeopardy Productions, Inc. and are protected under law. This website is not affiliated with, sponsored by, or operated by Jeopardy Productions, Inc. Join the discussion at JBoard.tv.